Arbeitslosigkeit und zweiter Arbeitsmarkt theoretische Grundlagen, Probleme und Erfahrungen

Gespeichert in:
Bibliographische Detailangaben
1. Verfasser: Ehrlich, Volker
Format: Buch
Sprache:Deutsch
Veröffentlicht: Frankfurt am Main Peter Lang 1997
Schriftenreihe:Sozialökonomische Schriften Band 14
Schlagworte:
Tags: Tag hinzufügen
Keine Tags, Fügen Sie das erste Tag hinzu!

MARC

LEADER 00000nam a2200000 4500
001 c101909
005 20221124073053.4
020 |a 3-631-31448-5 
022 |a 0172-1747 
041 0 |a ger 
044 |a de 
245 1 0 |a Arbeitslosigkeit und zweiter Arbeitsmarkt  |b theoretische Grundlagen, Probleme und Erfahrungen  |c Volker Ehrlich 
264 1 |a Frankfurt am Main  |b Peter Lang  |c 1997 
300 |a 395 s. 
490 1 |a Sozialökonomische Schriften  |v Band 14 
830 0 |a Sozialökonomische Schriften  |v Band 14 
610 2 0 |a nezamestnanosť 
610 2 0 |a trh práce 
610 2 0 |a práca 
610 2 0 |a politika hospodárska 
610 2 0 |a zamestnanosť 
610 2 0 |a ponuka práce 
610 2 0 |a mzdy 
610 2 0 |a analýza trhu 
610 2 0 |a modely 
610 2 0 |a financovanie 
610 2 0 |a Nemecko 
100 1 |a Ehrlich, Volker